Banderas mal dibujadas #2 - Estadísticas

Estadísticas generales
  • Esta prueba ha sido intentada 2.937 veces
  • La puntuación promedio es 12 de 16
Estadísticas de respuestas
Imagen Respuesta % Correcto
Alemania
100%
Irán
91%
Bosnia y Herzegovina
90%
Argelia
88%
Filipinas
84%
Haití
83%
Mongolia
78%
Bahamas
75%
República Centroafricana
72%
Burundi
70%
Lesoto
68%
Tonga
67%
Comoras
63%
Eritrea
63%
Nauru
62%
Islas Salomón
48%
No se encontraron pruebas coincidentes
Distribución de puntuación
Porcentaje de gente con cada puntuación
Porcentaje por número respondido
Historial de tus puntuaciones
No has intentado esta prueba.